Normal view
MARC view
Entry Personal Name
001 - CONTROL NUMBER
- control field: 72516
003 - CONTROL NUMBER IDENTIFIER
- control field: OSt
005 - DATE AND TIME OF LATEST TRANSACTION
- control field: 20180429144209.0
008 - FIXED-LENGTH DATA ELEMENTS
- fixed length control field: 180429|| aca||aabn | a|a d
040 ## - CATALOGING SOURCE
- Original cataloging agency: OSt
- Transcribing agency: OSt
100 ## - HEADING--PERSONAL NAME
- Personal name: Prashant S.Iyengar
670 ## - SOURCE DATA FOUND
- Source citation: Work cat.: (OSt): Prashant S.Iyengar, Pranayama A Classical and Traditional Approach, 2016









